000 00608cam a22002053a 4500
001 35861
003 PGUSA
005 20140828083754.0
008 110413s2011||||xxu|||||s|||||000 | eng d
040 _aPGUSA
_beng
042 _adc
100 1 _aWilson, Woodrow,
_d1856-1924
245 1 0 _aCongressional Government :
_bA Study in American Politics
_h[electronic resource] /
_cWoodrow Wilson
260 _bProject Gutenberg,
_c2011
506 _aPublic domain in the USA.
516 _aElectronic text
830 0 _aProject Gutenberg
_v35861
856 4 0 _uhttp://www.gutenberg.org/ebooks/35861
942 _cEB
999 _c265116
_d265116